Statystyki dla Imiona i nazwiska polskich influencerów

Kliknij tutaj aby rozwiązać quiz!

Ogólne statystyki

  • Ten quiz został rozwiązany 2 796 razy
  • Średni wynik to 19 z 50

Statystyki odpowiedzi

Imie i nazwiskoInfluencer% Poprawnych
Agata FąkFagata
93%
Weronika SowaWersow
93%
Jakub PateckiPatec
87%
Natalia KarczmarczykNatsu
84%
Cezary NykielCzaro
82%
Mateusz TrąbkaTromba
82%
Sergiusz GórskiNitro
65%
Mateusz KrzyżanowskiMini Majk
64%
Tomasz DziałowyGimper
62%
Marta RentelMartirenti
61%
Łukasz WojtycaWujek Łuki
61%
Michał BaronBoxdel
60%
Adam ZimmermanNaruciak
58%
Patryk BandurskiBandura
55%
Katarzyna BożekFusialka
54%
Krzysztof LekstanLeksiu
53%
Kasjusz ŻycińskiDon Kasjo
44%
Szymon KasprzykIsamu
43%
Dawid RzeźnikDzinold
41%
Michał OwczarzakOwca
41%
Maciej ZoniukZony
40%
Piotr SkowyrskiIzak
36%
Adrian SalamonMedusa
36%
Marcin MajkutXayoo
35%
Łukasz SamońMandzio
34%
Sebastian CzajewskiCzajnik
32%
Patryk RojewskiRojo
32%
Michał RychlikMulti
31%
Remigiusz MaciaszekRock
29%
Franciszek RusieckiFranio
26%
Mikołaj TylkoKonopsky
26%
Rafał GórniakTakefun
24%
Jarosław JarząbkowskiPasha Biceps
23%
Daniel PawlakDeeJayPallaside
18%
Paweł RosaLakarnum
18%
Florian Skowronskkf
18%
Maksymilian WysockiVysotzky
17%
Jakub PiotrowiczJapczan
15%
Kamila SmoguleckaZusje
15%
Dominik StokłosaMokry Suchar
14%
Damian ZiajaNervarien
14%
Artur GębiczRybson
14%
Filip KulonParis Platynov
12%
Karolina BrodnickaNieuczesana
11%
Tomasz BagińskiRevo
11%
Bartosz Rudeckixntentacion
11%
Witold TacikiewiczGucio
10%
Krzysztof SaućArquel
9%
Remigiusz PuschOverpow
9%
Bartłomiej RatońTivolt
9%

Rozkład punktacji

Percentyl według liczby udzielonych odpowiedzi

Procent ludzi z każdym wynikiem

Twoja historia wyników

Nie rozwiązałeś tego quizu